Football logo club ligue 1 2025-2026 par image - Statistiques

Statistiques générales
  • Ce quiz a été pris 323 fois
  • Le résultat moyen est 15 sur 16
Statistiques - réponses
Par images Réponse % Correct
Psg
99%
Om
98%
Strasbourg
98%
Ol
97%
Nantes
96%
Lille
95%
Monaco
95%
Rennes
95%
Auxerre
94%
Lens
94%
Nice
94%
Brest
93%
Toulouse
93%
Lorient
92%
Metz
92%
Angers
90%
Aucun quiz correspondant
Distribution des résultats
% des personnes avec chaque résultat
Percentile par nombre de réponses
Votre historique - résultats
Vous n’avez pas pris ce quiz